Football Teams by Stadium Name #4 - Statistics

General Stats
  • This quiz has been taken 89 times
    21 since last reset
  • The average score is 6 of 12
Answer Stats
Stadium Football Club(s) % Correct
Estádio do Dragão FC Porto
90%
Elland Road Leeds United
62%
Stadion Rajko Mitić (Marakana) Crvena Zvezda (Red Star FC)
57%
Philips Stadion PSV
57%
Stadionul Naţional FCSB
43%
Şükrü Saracoğlu Stadyumu Fenerbahçe SK
43%
Pride Park Stadium Derby County
38%
Volksparkstadion HSV
38%
Stadion Wojska Polskiego Legia Warsaw
38%
Stadio Ennio Tardini Parma
33%
Estadio Abanca-Riazor Deportivo La Coruña
29%
Stadion Maksimir GNK Dinamo Zagreb
24%
No matching quizzes found
Score Distribution
Percent of People with Each Score
Percentile by Number Answered
Your Score History
You have not taken this quiz since the last reset